[Event "XVII Memorial Edoardo Crespi A"]
[Site "Milano ITA"]
[Date "1996.12.16"]
[Round "2"]
[White "Bolico, Exfelicos"]
[Black "Bevilacqua, Maurizio"]
[Result "1-0"]
[WhiteElo "2220"]
[BlackElo "2065"]
[PlyCount "69"]
[EventDate "1996.12.15"]

1.d4 Nf6 2.c4 e6 3.g3 c5 4.Nf3 b6 5.Bg2 Bb7 6.e3 Be7 7.O-O O-O 8.b3 d6 9.
Nc3 Nbd7 10.Bb2 a6 11.Qd3 Qc7 12.e4 cxd4 13.Nxd4 Nc5 14.Qe2 Rad8 15.f4 
Ncd7 16.Rad1 Rfe8 17.Kh1 Bf8 18.Nc2 Qb8 19.g4 h6 20.Rd3 b5 21.cxb5 axb5 
22.g5 hxg5 23.fxg5 Nh7 24.Qh5 g6 25.Qh4 Bg7 26.Rh3 Ndf8 27.Ne3 b4 28.Ncd1 
e5 29.Ng4 Bc8 30.Nde3 Qa7 31.Nd5 Bxg4 32.Qxg4 Qb7 33.Qh4 Ra8 34.Nf6+ Bxf6 
35.gxf6 1-0

[Event "XVII Memorial Edoardo Crespi A"]
[Site "Milano ITA"]
[Date "1996.12.16"]
[Round "2"]
[White "Di Fonzo, Valerio"]
[Black "Luppi, Sergio"]
[Result "1-0"]
[WhiteElo "2225"]
[BlackElo "1985"]
[PlyCount "80"]
[EventDate "1996.12.15"]

1.e4 g6 2.d4 d6 3.Nc3 c6 4.a4 Bg7 5.Nf3 Nf6 6.Be2 O-O 7.h3 Nbd7 8.O-O e5 
9.dxe5 dxe5 10.Qd6 Re8 11.Bg5 h6 12.Be3 Bf8 13.Qd2 Nc5 14.Qxd8 Rxd8 15.
Nxe5 Ncxe4 16.Nxe4 Nxe4 17.Bc4 Nd6 18.Rad1 Bf5 19.Rxd6 Rxd6 20.Nxf7 Rd5 
21.Bxd5 cxd5 22.Nxh6+ Bxh6 23.Bxh6 Bxc2 24.Rc1 Rc8 25.Be3 a6 26.a5 Rc6 27.
b4 Kf7 28.Bc5 Bb3 29.Rc3 Bc4 30.Re3 Re6 31.g4 Rxe3 32.Bxe3 Ke6 33.f4 Bd3 
34.Kf2 Bc4 35.Kg3 Bd3 36.Kh4 Bf1 37.Bd4 Kf7 38.Kg3 Ke6 39.h4 Bd3 40.f5+ 
gxf5 1-0

[Event "XVII Memorial Edoardo Crespi A"]
[Site "Milano ITA"]
[Date "1996.12.16"]
[Round "2"]
[White "Giretti Kanev, Jasen"]
[Black "Podini, Francesco"]
[Result "1-0"]
[WhiteElo "2033"]
[BlackElo "1884"]
[PlyCount "147"]
[EventDate "1996.12.15"]

1.Nf3 c5 2.c4 Nf6 3.Nc3 d6 4.g3 g6 5.Bg2 Bg7 6.O-O Nc6 7.d4 cxd4 8.Nxd4 
Bd7 9.Nxc6 bxc6 10.Qd3 O-O 11.e4 Ng4 12.Qe2 Ne5 13.b3 c5 14.Bg5 h6 15.Be3 
Nc6 16.Qd2 Kh7 17.f4 Rc8 18.f5 Qa5 19.Rac1 Nd4 20.f6 exf6 21.Bxd4 cxd4 22.
Qxd4 f5 23.Qxd6 Bxc3 24.Qxd7 Rcd8 25.Qb7 Rb8 26.Qd7 Rbd8 27.Qb7 Rb8 28.Qd5
Qxd5 29.exd5 Bd4+ 30.Kh1 Bc5 31.Rfe1 Rfd8 32.Bf1 a5 33.Bd3 Kg7 34.Kg2 Kh7 
35.Re2 Kg7 36.Kf3 Kf6 37.Bc2 Kg7 38.Rd1 Rbc8 39.Red2 Rd6 40.Re2 Rdd8 41.
Rde1 Bb4 42.Rd1 Bc5 43.Rd3 Kf6 44.Kg2 Kg7 45.Rf3 Re8 46.Rd2 Rcd8 47.Kf1 
Kf8 48.h4 h5 49.Re2 Kg7 50.Rd3 Bd6 51.Rc3 Bb4 52.Rce3 Rxe3 53.Rxe3 Bc5 54.
Rd3 Kf6 55.Ke2 Ke5 56.Rf3 Kf6 57.Kd3 Ke5 58.Rf1 Kf6 59.Rf3 Ke5 60.Bd1 Kf6 
61.Kc3 Ke5 62.Kb2 Bd4+ 63.Ka3 Bc5+ 64.Ka4 Ra8 65.Kb5 Kd6 66.Bc2 Rb8+ 67.
Ka4 Rb4+ 68.Kxa5 Rb8 69.Bxf5 Ra8+ 70.Kb5 Rb8+ 71.Ka6 Ra8+ 72.Kb7 Ra7+ 73.
Kb8 gxf5 74.b4 1-0

[Event "XVII Memorial Edoardo Crespi A"]
[Site "Milano ITA"]
[Date "1996.12.16"]
[Round "2"]
[White "Lanzani, Mario"]
[Black "Caruso, Daniele"]
[Result "1-0"]
[WhiteElo "2355"]
[BlackElo "2155"]
[PlyCount "55"]
[EventDate "1996.12.15"]

1.e4 e6 2.d4 d5 3.Nc3 Nf6 4.Bg5 Be7 5.e5 Nfd7 6.Bxe7 Qxe7 7.f4 a6 8.Nf3 c5
9.Qd2 Nc6 10.O-O-O b5 11.dxc5 Nxc5 12.Bd3 b4 13.Ne2 a5 14.Ned4 Nxd4 15.
Nxd4 Ba6 16.Bxa6 Rxa6 17.f5 O-O 18.Qf4 f6 19.Rhe1 fxe5 20.Qxe5 a4 21.Nxe6 
Nxe6 22.fxe6 a3 23.Qxd5 axb2+ 24.Kxb2 Rfa8 25.Re4 h6 26.Kb1 Kh7 27.Qf5+ 
Kh8 28.Rd7 1-0

[Event "XVII Memorial Edoardo Crespi A"]
[Site "Milano ITA"]
[Date "1996.12.16"]
[Round "2"]
[White "Murgia, Andrea"]
[Black "Hitzgerova, Gabriela"]
[Result "0-1"]
[WhiteElo "2175"]
[BlackElo "2125"]
[PlyCount "144"]
[EventDate "1996.12.15"]

1.e4 c5 2.c3 d5 3.exd5 Qxd5 4.d4 Nc6 5.Nf3 Bg4 6.Be2 cxd4 7.cxd4 e6 8.O-O 
Nf6 9.Nc3 Qd8 10.Be3 Be7 11.Rc1 O-O 12.a3 Rc8 13.b4 Qd6 14.Qb3 Rfd8 15.
Rfd1 h6 16.h3 Bh5 17.g3 Nd5 18.Ne4 Qb8 19.Kg2 Bf8 20.Nc5 Nce7 21.g4 Bg6 
22.Ne5 b6 23.Na6 Qb7 24.Kg3 Be4 25.b5 f6 26.Nd3 Ng6 27.Kh2 Qd7 28.Ndb4 
Qd6+ 29.Kg1 Ndf4 30.Bf1 Nd5 31.Nc6 Nxe3 32.Qxe3 Bxc6 33.bxc6 Rxc6 34.Qe4 
Rxc1 35.Rxc1 Ne7 36.Nc7 e5 37.Bc4+ Kh8 38.Bd3 g6 39.Nb5 Qd5 40.Qxd5 Rxd5 
41.Nxa7 Rxd4 42.Bb5 Nd5 43.Nc6 Rd2 44.Nb4 Bc5 45.Nxd5 Rxd5 46.a4 Rd2 47.
Rf1 f5 48.gxf5 gxf5 49.Kg2 Kg7 50.Kg3 Kf6 51.Bc6 e4 52.f4 Ke6 53.Bb7 e3 
54.Bc8+ Kf6 55.Ba6 Ra2 56.Bb5 Rd2 57.Re1 Ke6 58.Re2 Rd1 59.Bc4+ Kd6 60.Kf3
Rf1+ 61.Kg3 Ra1 62.Bb5 Rc1 63.Be8 Bd4 64.Bb5 Rd1 65.Be8 Bc5 66.Bb5 Rb1 67.
Be8 Kd5 68.Bd7 Ke4 69.Rc2 Rg1+ 70.Kh2 Rg7 71.Rc4+ Kd3 72.Bb5 Kd2 0-1

[Event "XVII Memorial Edoardo Crespi A"]
[Site "Milano ITA"]
[Date "1996.12.16"]
[Round "2"]
[White "Nurkic, Sahbaz"]
[Black "Misiano, Franco"]
[Result "1-0"]
[WhiteElo "2405"]
[BlackElo "2225"]
[PlyCount "107"]
[EventDate "1996.12.15"]

1.e4 e6 2.d4 d5 3.Nd2 Nf6 4.e5 Nfd7 5.Bd3 c5 6.c3 Nc6 7.Ne2 cxd4 8.cxd4 f6
9.exf6 Nxf6 10.O-O Bd6 11.Nf3 Qc7 12.Bg5 O-O 13.Rc1 Ng4 14.h3 Rxf3 15.hxg4
Rf7 16.Qb3 Bd7 17.Be3 Raf8 18.g5 g6 19.f4 Qb8 20.g3 a6 21.a3 Ne7 22.Bd2 
Qa7 23.Bb4 Qb6 24.Qc3 Bxb4 25.Qxb4 Qxb4 26.axb4 Nc6 27.b5 Nb4 28.Rfd1 Nxd3
29.Rxd3 Bxb5 30.Re3 Bxe2 31.Rxe2 Re7 32.Kg2 Kf7 33.g4 Rd8 34.Kg3 Rd6 35.
Rc8 Re8 36.Rxe8 Kxe8 37.f5 gxf5 38.gxf5 Kf7 39.f6 h6 40.Kf4 hxg5+ 41.Ke5 
Rb6 42.Rc2 g4 43.Rc7+ Kf8 44.Rg7 Rxb2 45.Kxe6 Rb6+ 46.Kf5 a5 47.Rxg4 a4 
48.Rh4 a3 49.Kg6 Kg8 50.Rh2 Ra6 51.Rc2 Ra8 52.Rc7 a2 53.Rg7+ Kf8 54.Rh7 
1-0

[Event "XVII Memorial Edoardo Crespi A"]
[Site "Milano ITA"]
[Date "1996.12.16"]
[Round "2"]
[White "Rossi, Giampiero"]
[Black "Vismara, Daniele"]
[Result "0-1"]
[WhiteElo "2105"]
[BlackElo "2155"]
[PlyCount "124"]
[EventDate "1996.12.15"]

1.d4 Nf6 2.c4 g6 3.g3 Bg7 4.Bg2 d6 5.Nc3 O-O 6.Nf3 Nbd7 7.O-O e5 8.Qc2 c6 
9.Rd1 Re8 10.b3 Qe7 11.h3 Nf8 12.dxe5 dxe5 13.Be3 Nh5 14.Rac1 f5 15.Qd2 
Ne6 16.Qd6 Qxd6 17.Rxd6 f4 18.g4 Nf6 19.g5 Nh5 20.Bd2 Bf8 21.Ne4 Bxd6 22.
Nxd6 Rd8 23.Ne4 Nd4 24.Nxd4 exd4 25.c5 Be6 26.Nd6 Rd7 27.Rd1 a5 28.Bc1 a4 
29.Bb2 axb3 30.axb3 Bxb3 31.Rxd4 Ra2 32.Bc3 Rc2 33.Bb4 Rc1+ 34.Kh2 Rc4 35.
Re4 Rxe4 36.Bxe4 Bd5 37.Bd3 Ng7 38.h4 Be6 39.Ne4 Ne8 40.Bd2 Bf5 41.Bxf4 
Bxe4 42.Bxe4 Rd4 43.f3 Rc4 44.Be3 Nc7 45.Kg3 Ne6 46.Bb1 Kf7 47.Ba2 Rc2 48.
Bxe6+ Kxe6 49.Kf2 Kd5 50.Ke1 Rb2 51.Kd1 b5 52.cxb6 c5 53.Bf2 Rxb6 54.e4+ 
Kc4 55.Kc2 Ra6 56.Kb2 Ra8 57.f4 Rf8 58.Be3 Kd3 59.Bxc5 Rb8+ 60.Ka3 Kxe4 
61.Bd6 Rb6 62.Bc7 Rb7 0-1

[Event "XVII Memorial Edoardo Crespi A"]
[Site "Milano ITA"]
[Date "1996.12.16"]
[Round "2"]
[White "Valenti, Giuseppe"]
[Black "Mrdja, Milan"]
[Result "0-1"]
[WhiteElo "2215"]
[BlackElo "2455"]
[PlyCount "52"]
[EventDate "1996.12.15"]

1.e4 c5 2.Nf3 e6 3.d4 cxd4 4.Nxd4 Nf6 5.Nc3 d6 6.Be2 a6 7.f4 Nbd7 8.O-O 
Qc7 9.Kh1 h5 10.a4 b6 11.Bf3 Bb7 12.f5 e5 13.Nb3 Be7 14.Bg5 Rc8 15.Qe1 d5 
16.exd5 Bb4 17.Nd4 Bxc3 18.bxc3 Bxd5 19.Bxf6 Nxf6 20.Qg3 O-O 21.Bxd5 exd4 
22.Qg5 Nxd5 23.f6 Nxf6 24.Rxf6 Qxc3 25.Raf1 Rc5 26.R6f5 Qxc2 0-1

[Event "XVII Memorial Edoardo Crespi A"]
[Site "Milano ITA"]
[Date "1996.12.17"]
[Round "3"]
[White "Cazzaniga, Walter"]
[Black "Valenti, Giuseppe"]
[Result "0-1"]
[WhiteElo "2235"]
[BlackElo "2215"]
[PlyCount "72"]
[EventDate "1996.12.15"]

1.d4 Nf6 2.c4 c5 3.d5 e6 4.Nc3 exd5 5.cxd5 d6 6.e4 g6 7.f4 Bg7 8.Bb5+ Nfd7
9.a4 O-O 10.Nf3 Na6 11.O-O Nc7 12.f5 Nxb5 13.Nxb5 Nf6 14.Nxd6 Qxd6 15.e5 
Qxd5 16.exf6 Qxd1 17.Rxd1 Bxf6 18.fxg6 hxg6 19.Bh6 Re8 20.Rd2 Be6 21.Be3 
b6 22.a5 Rad8 23.Rxd8 Rxd8 24.axb6 axb6 25.Ra6 Rd3 26.Bd2 Rb3 27.Bc3 Bxc3 
28.bxc3 Bc4 29.Ra8+ Kg7 30.Rb8 Bd5 31.Ne5 Rxc3 32.Rxb6 Rc1+ 33.Kf2 Rc2+ 
34.Ke3 Rxg2 35.Rd6 Be6 36.h4 Rg3+ 0-1

[Event "XVII Memorial Edoardo Crespi A"]
[Site "Milano ITA"]
[Date "1996.12.17"]
[Round "3"]
[White "Vismara, Daniele"]
[Black "Di Fonzo, Valerio"]
[Result "1-0"]
[WhiteElo "2155"]
[BlackElo "2225"]
[PlyCount "77"]
[EventDate "1996.12.15"]

1.e4 e5 2.Nf3 Nc6 3.Nc3 Nf6 4.Bb5 Bb4 5.O-O O-O 6.d3 d6 7.Bg5 Bxc3 8.bxc3 
Qe7 9.Re1 Nd8 10.d4 Ne6 11.Bc1 Rd8 12.a4 c5 13.Bc4 h6 14.dxe5 dxe5 15.Bd5 
Nf8 16.c4 Ng6 17.Ra3 Rb8 18.h3 a5 19.Nh2 Bd7 20.Bd2 b6 21.Nf1 Qe8 22.Qa1 
Nh5 23.Ne3 Nhf4 24.Kh2 Nh4 25.Bc3 Nhg6 26.h4 Qe7 27.g3 Nxh4 28.Qd1 Qf6 29.
gxf4 Qxf4+ 30.Kg1 Bh3 31.Bxe5 Nf3+ 32.Kh1 Nxe5 33.Qh5 Be6 34.Ng2 Qg5 35.
Qh2 Ng4 36.Qg3 Qh5+ 37.Kg1 Bxd5 38.cxd5 Ne5 39.f4 1-0

[Event "XVII Memorial Edoardo Crespi A"]
[Site "Milano ITA"]
[Date "1996.12.18"]
[Round "4"]
[White "Barberi, Alessandro"]
[Black "Hitzgerova, Gabriela"]
[Result "0-1"]
[WhiteElo "2220"]
[BlackElo "2125"]
[PlyCount "78"]
[EventDate "1996.12.15"]

1.d4 Nf6 2.c4 g6 3.Nc3 Bg7 4.e4 d6 5.g3 O-O 6.Bg2 c6 7.Nge2 e5 8.O-O Qa5 
9.d5 c5 10.h3 Ne8 11.Be3 f5 12.Qc2 Qd8 13.Qd2 Nd7 14.Kh2 Ndf6 15.Bg5 Qd7 
16.Ng1 Nh5 17.f4 exf4 18.gxf4 h6 19.Bh4 fxe4 20.Bxe4 Nxf4 21.Bg3 g5 22.
Rae1 Nf6 23.Bb1 N6h5 24.Qc2 Be5 25.Rxe5 dxe5 26.Be1 Qg7 27.Ne4 Bf5 28.Qc3 
b6 29.a3 Nf6 30.Nd2 Bxb1 31.Nxb1 Ne4 32.Qe3 Qg6 33.Nf3 Rae8 34.Nc3 Nd6 35.
b3 e4 36.Nd2 Nf5 37.Qg1 Nd4 38.b4 e3 39.Nf3 Qc2+ 0-1

[Event "XVII Memorial Edoardo Crespi A"]
[Site "Milano ITA"]
[Date "1996.12.18"]
[Round "4"]
[White "Di Fonzo, Valerio"]
[Black "Marcoli, Paolo"]
[Result "1-0"]
[WhiteElo "2225"]
[BlackElo "2150"]
[PlyCount "151"]
[EventDate "1996.12.15"]

1.e4 c5 2.Nf3 e6 3.d4 cxd4 4.Nxd4 a6 5.Bd3 Nf6 6.O-O d6 7.c4 Be7 8.b3 O-O 
9.Bb2 Nbd7 10.Nd2 Ne5 11.Bc2 Re8 12.h3 Qc7 13.Kh1 Bf8 14.N4f3 Ng6 15.Rc1 
e5 16.Rg1 Qb6 17.Qf1 Nh5 18.g3 h6 19.Nb1 Be6 20.Nc3 Rac8 21.Nd5 Bxd5 22.
cxd5 Rc5 23.Bb1 Rec8 24.Rxc5 Rxc5 25.Nd2 Qd8 26.Qe2 Nf6 27.Kh2 Be7 28.Nc4 
Ne8 29.Ne3 Bg5 30.Nf5 Ne7 31.Nxe7+ Qxe7 32.h4 Bf6 33.Rc1 Qc7 34.Qd2 Bd8 
35.Kg2 Rxc1 36.Qxc1 Qxc1 37.Bxc1 Bb6 38.f4 Bd4 39.Ba3 Kf8 40.Bb4 b6 41.Bd3
a5 42.Bd2 exf4 43.gxf4 Nc7 44.b4 a4 45.b5 Bc5 46.Kf3 f5 47.Bc3 h5 48.Be1 
Ke7 49.Bc4 fxe4+ 50.Kxe4 g6 51.f5 Kf6 52.Bc3+ Kf7 53.Bd2 Ne8 54.Bg5 Nf6+ 
55.Kf4 Bd4 56.fxg6+ Kxg6 57.Bd3+ Kf7 58.Kf5 Ne8 59.Bf4 Bc5 60.Kg5 Nf6 61.
Be2 Ne4+ 62.Kxh5 Kf6 63.Kg4 Nc3 64.Bc4 Nd1 65.Kf3 Nb2 66.Be2 a3 67.h5 Na4 
68.h6 Ke7 69.h7 Bd4 70.Ke4 Bh8 71.Kf5 Nc3 72.Bc4 Nd1 73.Kg6 Nf2 74.Bg5+ 
Kf8 75.Bh6+ Ke7 76.Bg7 1-0

[Event "XVII Memorial Edoardo Crespi A"]
[Site "Milano ITA"]
[Date "1996.12.18"]
[Round "4"]
[White "Dorighet, Claudio"]
[Black "Misiano, Franco"]
[Result "1/2-1/2"]
[WhiteElo "1897"]
[BlackElo "2225"]
[PlyCount "125"]
[EventDate "1996.12.15"]

1.c4 c6 2.Nc3 d5 3.cxd5 cxd5 4.d4 Nf6 5.Bg5 Ne4 6.Bf4 e6 7.e3 Qb6 8.Qc2 
Nc6 9.a3 Bd7 10.Bd3 f5 11.Nge2 Be7 12.h4 g6 13.Rc1 a6 14.Ng1 Kf7 15.Nf3 h6
16.Ne5+ Nxe5 17.Bxe5 Rhc8 18.Bxe4 dxe4 19.Qd2 Bd6 20.O-O Bxe5 21.dxe5 Rd8 
22.Qd4 Qxd4 23.exd4 Bc6 24.Rfd1 Rd7 25.Na2 Rad8 26.Nb4 Ba4 27.Rd2 Rxd4 28.
Rc7+ R4d7 29.Rxb7 Rxb7 30.Rxd8 a5 31.Ra8 axb4 32.Rxa4 bxa3 33.bxa3 g5 34.
hxg5 hxg5 35.g4 Rb5 36.Ra7+ Kg6 37.gxf5+ Kxf5 38.a4 Rxe5 39.a5 e3 40.fxe3 
Rxe3 41.Kf2 Ra3 42.a6 e5 43.Ra8 Kf4 44.a7 Ra2+ 45.Kf1 Ke3 46.Re8 Rxa7 47.
Rxe5+ Kf4 48.Rb5 Ra1+ 49.Kg2 Ra2+ 50.Kf1 Kg4 51.Rb3 Kh4 52.Rc3 Ra4 53.Kg2 
Ra2+ 54.Kf1 Rd2 55.Rb3 Rd5 56.Rc3 Rd2 57.Rb3 g4 58.Rc3 Re2 59.Rb3 Kg5 60.
Rc3 Kf4 61.Rb3 g3 62.Rb8 Kf3 63.Rf8+ 1/2-1/2

[Event "XVII Memorial Edoardo Crespi A"]
[Site "Milano ITA"]
[Date "1996.12.18"]
[Round "4"]
[White "Duarte, Riccardo"]
[Black "Podini, Francesco"]
[Result "1/2-1/2"]
[WhiteElo "2005"]
[BlackElo "1884"]
[PlyCount "116"]
[EventDate "1996.12.15"]

1.e4 c5 2.f4 Nc6 3.Nf3 d6 4.Bc4 e6 5.c3 Nf6 6.d3 Be7 7.O-O O-O 8.h3 Rb8 9.
Be3 b5 10.Bb3 c4 11.Bc2 cxd3 12.Bxd3 e5 13.fxe5 dxe5 14.Qe2 a6 15.Nh2 Qc7 
16.Nd2 Na5 17.Rac1 Be6 18.b3 Rfd8 19.Nhf3 Nh5 20.Kh2 Ba3 21.Rc2 Bc5 22.g3 
Bxe3 23.Qxe3 h6 24.Be2 Nf6 25.c4 b4 26.Rfc1 Nc6 27.Nf1 Qc8 28.g4 Bxg4 29.
Nh4 Bxe2 30.Rxe2 Nd4 31.Rg2 Kh7 32.Qg3 g6 33.Qxe5 Qe6 34.Qxe6 Nxe6 35.e5 
Nh5 36.Rf2 Kg7 37.Ne3 Nef4 38.Rcf1 g5 39.Nhf5+ Kh7 40.Nd6 Kg7 41.Nd5 Nxd5 
42.cxd5 Nf4 43.Rc1 Nxd5 44.Nxf7 Rdc8 45.Rd1 Nf4 46.Rd7 Rc3 47.Rfd2 Rxh3+ 
48.Kg1 Rb6 49.R2d6 Rxd6 50.exd6 Kf6 51.Ra7 Rd3 52.d7 Ne6 53.Nxh6 Nc5 54.
Rc7 Nxd7 55.Rc6+ Ke5 56.Rxa6 Kf4 57.Ra4 Rd4 58.a3 Nc5 1/2-1/2

[Event "XVII Memorial Edoardo Crespi A"]
[Site "Milano ITA"]
[Date "1996.12.18"]
[Round "4"]
[White "Giretti Kanev, Jasen"]
[Black "Bolico, Exfelicos"]
[Result "1/2-1/2"]
[WhiteElo "2033"]
[BlackElo "2220"]
[PlyCount "87"]
[EventDate "1996.12.15"]

1.Nf3 Nf6 2.c4 g6 3.Nc3 Bg7 4.g3 c5 5.Bg2 O-O 6.d4 cxd4 7.Nxd4 Nc6 8.O-O 
a6 9.e4 Qb6 10.Be3 Nxd4 11.Na4 Qc7 12.Bxd4 d6 13.Nb6 Rb8 14.h3 Be6 15.Rc1 
Nd7 16.Nd5 Bxd5 17.exd5 Bxd4 18.Qxd4 Qc5 19.Qe4 Rfe8 20.a3 a5 21.Qe1 Qa7 
22.b4 Rbc8 23.Qe4 Rc7 24.Rc3 Nf6 25.Qd3 axb4 26.axb4 Ra8 27.Rb1 b6 28.Rbb3
Qa1+ 29.Qb1 Rca7 30.c5 bxc5 31.bxc5 Qxc3 32.Rxc3 Ra1 33.Qxa1 Rxa1+ 34.Kh2 
dxc5 35.Rxc5 Rd1 36.g4 h6 37.Kg3 Rd3+ 38.Kh2 g5 39.Rc7 Kf8 40.Rc8+ Kg7 41.
Rc7 Nxd5 42.Bxd5 Rxd5 43.Rxe7 Kf6 44.Ra7 1/2-1/2

[Event "XVII Memorial Edoardo Crespi A"]
[Site "Milano ITA"]
[Date "1996.12.18"]
[Round "4"]
[White "Lanzani, Mario"]
[Black "Mrdja, Milan"]
[Result "0-1"]
[WhiteElo "2355"]
[BlackElo "2455"]
[PlyCount "66"]
[EventDate "1996.12.15"]

1.e4 c5 2.Nf3 e6 3.d4 cxd4 4.Nxd4 a6 5.Bd3 Qb6 6.c3 d6 7.Be3 Qc7 8.c4 Nf6 
9.Nc3 Nbd7 10.Rc1 Be7 11.O-O O-O 12.f4 b6 13.g4 Rd8 14.g5 Ne8 15.Nd5 exd5 
16.cxd5 Qb7 17.Nc6 Nb8 18.Nxd8 Bxd8 19.e5 g6 20.e6 fxe6 21.Bxg6 hxg6 22.
Qc2 Nd7 23.Qxg6+ Ng7 24.Bd4 Nf8 25.Qh6 e5 26.fxe5 Nf5 27.Rxf5 Bxf5 28.Qxd6
Rc8 29.Rf1 Be7 30.Qxb6 Qxb6 31.Bxb6 Be4 32.d6 Bxg5 33.Re1 Rc1 0-1

[Event "XVII Memorial Edoardo Crespi A"]
[Site "Milano ITA"]
[Date "1996.12.18"]
[Round "4"]
[White "Luppi, Sergio"]
[Black "Bemporad, Filippo"]
[Result "1/2-1/2"]
[WhiteElo "1985"]
[BlackElo "1900"]
[PlyCount "53"]
[EventDate "1996.12.15"]

1.g3 Nf6 2.Bg2 d5 3.f4 g6 4.Nf3 Bg7 5.O-O O-O 6.d3 b6 7.c4 Bb7 8.Ne5 e6 9.
Nc3 Nbd7 10.e4 dxe4 11.Nxd7 Nxd7 12.dxe4 Nc5 13.e5 Bxg2 14.Kxg2 f6 15.exf6
Qxf6 16.Qe2 e5 17.Qxe5 Qxe5 18.fxe5 Rxf1 19.Kxf1 Bxe5 20.Bd2 Rd8 21.Ke2 
Re8 22.Kd1 Bd4 23.Rb1 c6 24.Ne2 Be5 25.Bc3 Bxc3 26.Nxc3 Kf7 27.Kc2 1/2-1/2

[Event "XVII Memorial Edoardo Crespi A"]
[Site "Milano ITA"]
[Date "1996.12.18"]
[Round "4"]
[White "Murgia, Andrea"]
[Black "Cazzaniga, Walter"]
[Result "1-0"]
[WhiteElo "2175"]
[BlackElo "2235"]
[PlyCount "69"]
[EventDate "1996.12.15"]

1.e4 e6 2.d4 d5 3.e5 c5 4.c3 Nc6 5.Nf3 Nh6 6.Bd3 cxd4 7.cxd4 Nf5 8.Bxf5 
exf5 9.O-O Be7 10.Nc3 Be6 11.Bd2 O-O 12.Qa4 g5 13.Ne2 g4 14.Ne1 f6 15.Nf4 
Qd7 16.Ned3 fxe5 17.dxe5 Rac8 18.Rac1 b6 19.Rfd1 Rfd8 20.Nxe6 Qxe6 21.Nf4 
Qd7 22.Bc3 Nxe5 23.Qb3 Nc4 24.Rxd5 Bd6 25.Bb4 Qf7 26.Rcd1 a5 27.Bxd6 Rxd6 
28.Rxd6 Nxd6 29.Qxb6 Nc4 30.Rd8+ Rxd8 31.Qxd8+ Kg7 32.b3 Ne5 33.Qxa5 Kf6 
34.Qd8+ Kg7 35.Qd4 1-0

[Event "XVII Memorial Edoardo Crespi A"]
[Site "Milano ITA"]
[Date "1996.12.18"]
[Round "4"]
[White "Nurkic, Sahbaz"]
[Black "Wohl, Aleksandar H."]
[Result "1-0"]
[WhiteElo "2405"]
[BlackElo "2400"]
[PlyCount "93"]
[EventDate "1996.12.15"]

1.e4 Nc6 2.d4 e5 3.d5 Nce7 4.Nc3 Ng6 5.Be3 Bb4 6.g3 Nf6 7.Bd3 d6 8.f3 c6 
9.Ne2 Bh3 10.Kf2 O-O 11.dxc6 bxc6 12.Bc4 Ng4+ 13.fxg4 Qf6+ 14.Ke1 Qf3 15.
Kd2 d5 16.exd5 cxd5 17.Bd3 Rfd8 18.a3 Be7 19.Re1 d4 20.Nxd4 Qxd1+ 21.Nxd1 
exd4 22.Bf4 Nxf4 23.Rxe7 Nxd3 24.cxd3 Bxg4 25.Nf2 Be6 26.Rc1 Rdb8 27.Rc2 
Rb5 28.Ne4 Kf8 29.Rec7 a5 30.Nc5 Bg4 31.b3 g6 32.Rc4 Rd8 33.a4 Rb6 34.Ra7 
Rf6 35.Rxa5 Rf2+ 36.Kc1 Rxh2 37.Rc2 Rh1+ 38.Kb2 Bf3 39.b4 h5 40.b5 Rd6 41.
Ra7 g5 42.a5 h4 43.gxh4 gxh4 44.Rf2 Bd5 45.b6 h3 46.Raxf7+ Bxf7 47.b7 1-0

[Event "XVII Memorial Edoardo Crespi A"]
[Site "Milano ITA"]
[Date "1996.12.18"]
[Round "4"]
[White "Qendro, Llambi"]
[Black "Bevilacqua, Maurizio"]
[Result "1-0"]
[WhiteElo "2325"]
[BlackElo "2065"]
[PlyCount "57"]
[EventDate "1996.12.15"]

1.d4 Nf6 2.c4 e6 3.Nc3 Bb4 4.Qc2 d5 5.cxd5 exd5 6.Bg5 O-O 7.a3 Be7 8.e3 c6
9.Bd3 h6 10.Bh4 Nbd7 11.Nf3 Re8 12.O-O Ne4 13.Bxe4 dxe4 14.Qxe4 g5 15.Bg3 
Bxa3 16.Qc2 Bf8 17.d5 Qb6 18.Rfd1 Bg7 19.Na4 Qb5 20.d6 c5 21.Nc3 Bxc3 22.
Qxc3 b6 23.Ne5 Nf8 24.e4 Nd7 25.f3 a6 26.Nc4 Rd8 27.Ne3 f6 28.Nf5 Kh7 29.
b4 1-0

[Event "XVII Memorial Edoardo Crespi A"]
[Site "Milano ITA"]
[Date "1996.12.18"]
[Round "4"]
[White "Rossi, Giampiero"]
[Black "Caruso, Daniele"]
[Result "0-1"]
[WhiteElo "2105"]
[BlackElo "2155"]
[PlyCount "102"]
[EventDate "1996.12.15"]

1.d4 Nf6 2.c4 g6 3.g3 Bg7 4.Bg2 O-O 5.Nc3 d6 6.Nf3 Nbd7 7.O-O e5 8.Qc2 
exd4 9.Nxd4 Ng4 10.Rd1 Nc5 11.h3 Ne5 12.b3 Ne6 13.Nxe6 fxe6 14.Be3 Qe7 15.
Rac1 c6 16.Ne4 Nf7 17.Qd2 Rd8 18.Qb4 Bf8 19.Rd2 Qc7 20.Qc3 Bg7 21.Bd4 e5 
22.Be3 Be6 23.Ng5 Nxg5 24.Bxg5 Rd7 25.e4 Bf8 26.Rcd1 a5 27.a4 Bf7 28.Bf1 
d5 29.c5 d4 30.Qc2 h6 31.Bf6 g5 32.h4 g4 33.Rc1 Kh7 34.h5 Bxh5 35.Be2 Rf7 
36.Bh4 Be7 37.Bxe7 Qxe7 38.Qd1 Qd7 39.Rb2 Raf8 40.Bc4 Rg7 41.Qe1 Qc7 42.b4
axb4 43.Qxb4 Bg6 44.Bd3 Qe7 45.Qd2 Qf6 46.Rcb1 Rff7 47.a5 h5 48.Rb6 h4 49.
gxh4 Qxh4 50.a6 bxa6 51.Rxc6 g3 0-1

[Event "XVII Memorial Edoardo Crespi A"]
[Site "Milano ITA"]
[Date "1996.12.18"]
[Round "4"]
[White "Valenti, Giuseppe"]
[Black "Facchetti, Gianni"]
[Result "1-0"]
[WhiteElo "2215"]
[BlackElo "2170"]
[PlyCount "123"]
[EventDate "1996.12.15"]

1.e4 e5 2.Nf3 Nc6 3.Bb5 Bc5 4.O-O Nd4 5.Nxd4 Bxd4 6.c3 Bb6 7.d4 c6 8.Ba4 
d6 9.dxe5 dxe5 10.Qxd8+ Bxd8 11.Be3 Be6 12.Nd2 f6 13.Bb3 Bxb3 14.axb3 a6 
15.Nc4 Bc7 16.Rfd1 Rd8 17.Rxd8+ Kxd8 18.Rd1+ Kc8 19.Nb6+ Bxb6 20.Bxb6 Nh6 
21.f3 Nf7 22.Kf2 Re8 23.h4 h5 24.g4 hxg4 25.fxg4 Re7 26.Bc5 Rd7 27.Rxd7 
Kxd7 28.Bf8 g6 29.Ke3 Nd8 30.h5 gxh5 31.gxh5 Ke8 32.Bh6 Nf7 33.Bg7 Ke7 34.
Kf3 Ng5+ 35.Ke3 Kf7 36.Bh6 Ne6 37.b4 b5 38.Kf3 Nc7 39.Be3 Ne8 40.Bc5 Ng7 
41.Kg4 Ne6 42.Be3 Ng7 43.Bc5 Ne6 44.Be3 Ng7 45.Bf2 Ne8 46.Bc5 Ng7 47.h6 
Ne6 48.h7 Kg7 49.Kf5 Ng5 50.h8=Q+ Kxh8 51.Kxf6 Nxe4+ 52.Kxe5 Nd2 53.Kd6 
Nc4+ 54.Kxc6 Nxb2 55.Kb6 Nc4+ 56.Kxa6 Na3 57.Be3 Nb1 58.Bd4+ Kg8 59.Kxb5 
Kf7 60.Kc6 Ke8 61.b5 Na3 62.b6 1-0

[Event "XVII Memorial Edoardo Crespi A"]
[Site "Milano ITA"]
[Date "1996.12.18"]
[Round "4"]
[White "Vujovic, Milorad"]
[Black "Vismara, Daniele"]
[Result "0-1"]
[WhiteElo "2310"]
[BlackElo "2155"]
[PlyCount "70"]
[EventDate "1996.12.15"]

1.c4 Nf6 2.d4 g6 3.Nc3 Bg7 4.e4 d6 5.f3 O-O 6.Be3 Nc6 7.Qd2 a6 8.g4 e5 9.
d5 Nd4 10.Nce2 Nxf3+ 11.Nxf3 Bxg4 12.Neg1 Nxe4 13.Qc2 f5 14.Bh3 Bh5 15.
O-O-O h6 16.Rf1 g5 17.Bxf5 Rxf5 18.Qxe4 Qf6 19.Rf2 Rf8 20.h4 g4 21.Ng5 Bg6
22.h5 Rxf2 23.hxg6 Rf1+ 24.Kd2 hxg5 25.Rh5 Qf5 26.Qxf5 R1xf5 27.Ne2 R8f6 
28.Ng3 Rf3 29.Ne4 Rxg6 30.b4 Rh3 31.Rxg5 Rxe3 32.Kxe3 Bh6 33.Nf6+ Kf7 34.
Nxg4 Bxg5+ 35.Ke4 Bd2 0-1

[Event "XVII Memorial Edoardo Crespi A"]
[Site "Milano ITA"]
[Date "1996.12.19"]
[Round "5"]
[White "Bemporad, Filippo"]
[Black "Giretti Kanev, Jasen"]
[Result "0-1"]
[WhiteElo "1900"]
[BlackElo "2033"]
[PlyCount "98"]
[EventDate "1996.12.15"]

1.d4 Nf6 2.Nf3 b6 3.g3 Bb7 4.Bg2 e6 5.O-O c5 6.c4 Be7 7.Nc3 O-O 8.Qd3 Nc6 
9.e4 d5 10.Rd1 Nb4 11.Qe2 Nxe4 12.cxd5 Nxc3 13.bxc3 Nxd5 14.Bb2 Qc8 15.c4 
Nf6 16.d5 Bd8 17.Bh3 Re8 18.Ng5 Nxd5 19.Nxf7 Nf4 20.Nh6+ gxh6 21.Qe5 Ne2+ 
22.Qxe2 Qc6 23.f3 Bc7 24.Qe3 e5 25.Rd5 Rad8 26.Rad1 Rxd5 27.Rxd5 Re7 28.f4
Qa4 29.Rxe5 Qd1+ 30.Bf1 Bxe5 31.Bxe5 Qf3 32.Qxf3 Bxf3 33.Kf2 Bg4 34.Bg2 
Kf7 35.Bd5+ Be6 36.Bxe6+ Kxe6 37.Ke3 Kf5 38.h3 h5 39.Kf3 Rd7 40.g4+ Ke6 
41.Ke4 Rd2 42.f5+ Kd7 43.g5 Rxa2 44.h4 Re2+ 45.Kf4 Rg2 46.Kf3 Rg4 47.Bf6 
Rxc4 48.g6 hxg6 49.fxg6 Ke6 0-1

[Event "XVII Memorial Edoardo Crespi A"]
[Site "Milano ITA"]
[Date "1996.12.19"]
[Round "5"]
[White "Bevilacqua, Maurizio"]
[Black "Barberi, Alessandro"]
[Result "0-1"]
[WhiteElo "2065"]
[BlackElo "2220"]
[PlyCount "70"]
[EventDate "1996.12.15"]

1.d4 Nf6 2.Nf3 g6 3.c4 c5 4.d5 Bg7 5.Nc3 d6 6.e4 e6 7.Bd3 exd5 8.cxd5 O-O 
9.h3 a6 10.a4 Nbd7 11.O-O Ne8 12.Bf4 Ne5 13.Nxe5 dxe5 14.Be3 b6 15.a5 b5 
16.Bxc5 Nd6 17.Qd2 f5 18.f3 f4 19.Na2 Rf6 20.Nb4 Bd7 21.Bb6 Qe8 22.Rac1 g5
23.Rf2 h5 24.b3 g4 25.Bf1 gxh3 26.gxh3 Rg6+ 27.Kh2 Rg3 28.Rc7 Kh8 29.Nd3 
Rc8 30.Qc2 Qg6 31.Rxc8+ Bxc8 32.Qc7 Bxh3 33.Qd8+ Kh7 34.Qh4 Bxf1 35.Rxf1 
Bf6 0-1

[Event "XVII Memorial Edoardo Crespi A"]
[Site "Milano ITA"]
[Date "1996.12.19"]
[Round "5"]
[White "Caruso, Daniele"]
[Black "Di Fonzo, Valerio"]
[Result "1/2-1/2"]
[WhiteElo "2155"]
[BlackElo "2225"]
[PlyCount "20"]
[EventDate "1996.12.15"]

1.e4 e5 2.Nf3 Nc6 3.Bb5 Nf6 4.Nc3 Nd4 5.Nxd4 exd4 6.e5 dxc3 7.exf6 Qxf6 8.
dxc3 Qe5+ 9.Qe2 Qxe2+ 10.Bxe2 Be7 1/2-1/2